[Event "4th Las Palmas it"]
[Site "Las Palmas ESP"]
[Date "1975.04.12"]
[Round "6"]
[White "Debarnot, Roberto Luis"]
[Black "Visier Segovia, Fernando"]
[Result "1/2-1/2"]
[WhiteElo "2380"]
[BlackElo "2375"]
[EventDate "1975.04.06"]
[PlyCount "39"]

1.d4 Nf6 2.c4 e6 3.Nc3 Bb4 4.e3 b6 5.Bd3 Bb7 6.Nf3 O-O 7.O-O c5 8.a3 Bxc3 
9.bxc3 Qc7 10.Re1 Ne4 11.Nd2 Nxd2 12.Bxd2 Nc6 13.Qh5 g6 14.Qh6 d6 15.e4 e5
16.f4 f6 17.d5 Na5 18.fxe5 fxe5 19.Bg5 Rae8 20.Rf1 1/2-1/2

[Event "4th Las Palmas it"]
[Site "Las Palmas ESP"]
[Date "1975.04.12"]
[Round "6"]
[White "Ljubojevic, Ljubomir"]
[Black "Olafsson, Fridrik"]
[Result "1-0"]
[WhiteElo "2615"]
[BlackElo "2535"]
[EventDate "1975.04.06"]
[PlyCount "51"]

1.e4 c5 2.Nf3 e6 3.d4 cxd4 4.Nxd4 a6 5.Bd3 g6 6.c4 Bg7 7.Nc2 Ne7 8.Nc3 
Nbc6 9.O-O O-O 10.Bf4 Ne5 11.Be2 f5 12.Qd2 Nf7 13.Rad1 b6 14.Bf3 Ne5 15.
Bxe5 Bxe5 16.exf5 Ra7 17.fxe6 Rxf3 18.gxf3 Nf5 19.Rfe1 Nh4 20.Qd5 Qg5+ 21.
Kf1 Qg2+ 22.Ke2 d6 23.e7+ Kg7 24.e8=Q Bf5 25.Ne3 Qh3 26.Rg1 1-0

[Event "4th Las Palmas it"]
[Site "Las Palmas ESP"]
[Date "1975.04.12"]
[Round "6"]
[White "Petrosian, Tigran"]
[Black "Fernandez Fernandez, Angel"]
[Result "1/2-1/2"]
[WhiteElo "2645"]
[BlackElo "2300"]
[EventDate "1975.04.06"]
[PlyCount "80"]

1.d4 Nf6 2.c4 e6 3.Nf3 d5 4.Nc3 dxc4 5.e3 Be7 6.Bxc4 O-O 7.O-O a6 8.e4 b5 
9.Bd3 Bb7 10.Qc2 h6 11.e5 Nd5 12.Be4 Qd7 13.Rd1 Rd8 14.Ne2 Nc6 15.a3 Na5 
16.Ng3 Rac8 17.b4 Nc4 18.Nh5 a5 19.Bxh6 gxh6 20.Qc1 Nce3 21.fxe3 Nc3 22.
Qxc3 Bxe4 23.Rf1 axb4 24.axb4 Kh8 25.Ng3 Bg6 26.Ra7 Qe8 27.e4 h5 28.Qe3 
Qf8 29.Ne2 Qg7 30.Nf4 Rg8 31.Rb7 Qh7 32.Nxg6+ Qxg6 33.Qe2 Bxb4 34.Rxb5 Be7
35.Rb7 Bd8 36.d5 Ra8 37.d6 c5 38.Ne1 Rg7 39.Nd3 Bg5 40.g3 h4 1/2-1/2

[Event "4th Las Palmas it"]
[Site "Las Palmas ESP"]
[Date "1975.04.12"]
[Round "6"]
[White "Pomar Salamanca, Arturo"]
[Black "Tal, Mikhail"]
[Result "0-1"]
[WhiteElo "2450"]
[BlackElo "2645"]
[EventDate "1975.04.06"]
[PlyCount "70"]

1.Nf3 g6 2.d4 Bg7 3.g3 d6 4.Bg2 Nd7 5.O-O e5 6.dxe5 dxe5 7.Nc3 Ngf6 8.Nd5 
O-O 9.Nxf6+ Qxf6 10.Bg5 Qb6 11.Rb1 Qe6 12.a3 e4 13.Nd4 Qe5 14.Be3 Nf6 15.
Bf4 Qh5 16.Bxc7 Bh3 17.Bf4 Ng4 18.f3 exf3 19.Nxf3 Rad8 20.Qc1 Rfe8 21.Bxh3
Qxh3 22.Rd1 Nxh2 23.Rxd8 Nxf3+ 24.exf3 Rxd8 25.c3 Bh6 26.Qf1 Qxf1+ 27.Rxf1
Bxf4 28.gxf4 Rd2 29.Rf2 Rxf2 30.Kxf2 b5 31.a4 bxa4 32.Ke3 h5 33.f5 g5 34.
c4 f6 35.Kd4 Kf7 0-1

[Event "4th Las Palmas it"]
[Site "Las Palmas ESP"]
[Date "1975.04.12"]
[Round "6"]
[White "Tatai, Stefano"]
[Black "Cardoso, Rodolfo Tan"]
[Result "1/2-1/2"]
[WhiteElo "2455"]
[BlackElo "2410"]
[EventDate "1975.04.06"]
[PlyCount "82"]

1.e4 c5 2.Nf3 d6 3.d4 cxd4 4.Nxd4 Nf6 5.Nc3 a6 6.Be2 e5 7.Nb3 Be6 8.f4 Qc7
9.g4 b5 10.a3 Nc6 11.g5 Nd7 12.f5 Bxb3 13.cxb3 Nd4 14.Be3 Nxe2 15.Qxe2 h6 
16.Nd5 Qb7 17.Rc1 Rc8 18.O-O Be7 19.Rxc8+ Qxc8 20.f6 gxf6 21.gxf6 Rg8+ 22.
Kh1 Bd8 23.Bxh6 Rg6 24.Bg7 Nc5 25.Rg1 Qh3 26.b4 Nd3 27.Rxg6 fxg6 28.Qg2 
Qxg2+ 29.Kxg2 Kf7 30.b3 Nf4+ 31.Nxf4 exf4 32.Bh6 Bxf6 33.Bxf4 Ke6 34.Bc1 
d5 35.Kf3 dxe4+ 36.Kxe4 Bc3 37.h3 Be5 38.Bd2 Bb2 39.a4 Be5 40.Be1 Bg7 41.
Kf4 Bh6+ 1/2-1/2

[Event "4th Las Palmas it"]
[Site "Las Palmas ESP"]
[Date "1975.04.12"]
[Round "6"]
[White "Rodriguez Vargas, Orestes"]
[Black "Larsen, Bent"]
[Result "1-0"]
[WhiteElo "2435"]
[BlackElo "2625"]
[EventDate "1975.04.06"]
[PlyCount "51"]

1.d4 Nf6 2.c4 e6 3.Nf3 b6 4.g3 Ba6 5.Qc2 c5 6.Bg2 Nc6 7.dxc5 bxc5 8.O-O 
Be7 9.Rd1 O-O 10.Qa4 Qb6 11.Nc3 Rad8 12.Bf4 d6 13.a3 Bb7 14.b4 Ng4 15.bxc5
Qxc5 16.Ne4 Qf5 17.Qb5 Qxe4 18.Qxb7 Rb8 19.Qa6 Rb6 20.Qa4 Qf5 21.h3 Nge5 
22.c5 Rb2 23.cxd6 Bf6 24.g4 Qg6 25.Nxe5 Nxe5 26.Be4 1-0

[Event "4th Las Palmas it"]
[Site "Las Palmas ESP"]
[Date "1975.04.14"]
[Round "7"]
[White "Cardoso, Rodolfo Tan"]
[Black "Pomar Salamanca, Arturo"]
[Result "1/2-1/2"]
[WhiteElo "2410"]
[BlackElo "2450"]
[EventDate "1975.04.06"]
[PlyCount "72"]

1.e4 c6 2.d4 d5 3.exd5 cxd5 4.c4 Nf6 5.Nc3 e6 6.Nf3 Be7 7.Bd3 dxc4 8.Bxc4 
Nc6 9.O-O O-O 10.Be3 b6 11.Qe2 Bb7 12.Rfd1 Nd5 13.Nxd5 exd5 14.Bd3 Bf6 15.
Rac1 Re8 16.Qd2 Rc8 17.h3 Qd7 18.b4 Ne7 19.Bg5 Bxg5 20.Qxg5 f6 21.Qh4 Ng6 
22.Qh5 Rxc1 23.Rxc1 Nf8 24.Bb5 Qxb5 25.Rc7 Ng6 26.Rxb7 a5 27.bxa5 Qxa5 28.
Qf5 Qb5 29.Rd7 Qc6 30.Qxd5+ Qxd5 31.Rxd5 Ra8 32.Rb5 Rxa2 33.Rxb6 Nf4 34.
Rb3 Ra1+ 35.Kh2 Ra2 36.Kg1 Ra1+ 1/2-1/2

[Event "4th Las Palmas it"]
[Site "Las Palmas ESP"]
[Date "1975.04.14"]
[Round "7"]
[White "Fernandez Fernandez, Angel"]
[Black "Tatai, Stefano"]
[Result "0-1"]
[WhiteElo "2300"]
[BlackElo "2455"]
[EventDate "1975.04.06"]
[PlyCount "112"]

1.e4 c5 2.Nf3 d6 3.d4 cxd4 4.Nxd4 Nf6 5.Nc3 a6 6.Bg5 e6 7.Qf3 h6 8.Bxf6 
Qxf6 9.Qxf6 gxf6 10.O-O-O h5 11.h4 Nc6 12.Be2 Bd7 13.Nxc6 Bxc6 14.Bf3 Bh6+
15.Kb1 Bf4 16.Rd3 Be5 17.Rhd1 Ke7 18.Ne2 a5 19.Nd4 a4 20.a3 Ra5 21.c3 Rc5 
22.g3 Rc4 23.Nxc6+ bxc6 24.Bh1 Rb8 25.Kc2 d5 26.f4 Bd6 27.exd5 cxd5 28.Bf3
Rc5 29.Rb1 Rcb5 30.Rdd1 Rg8 31.Be2 Rb7 32.Rd3 Rgb8 33.Rdd1 Bc5 34.Bxh5 Rg8
35.Rd3 Rgb8 36.c4 dxc4 37.Rc3 Bd4 38.Rxc4 e5 39.Rxa4 Rc7+ 40.Kd3 Rb3+ 41.
Ke4 Rxg3 42.Rxd4 exd4 43.Kxd4 Rh3 44.Be2 Rxh4 45.Ke4 Rh2 46.Bb5 f5+ 47.Kd4
Rcc2 48.b3 Rh3 49.Bc4 Kd6 50.Bxf7 Rf2 51.Kc4 Rxf4+ 52.Kb5 Rd4 53.Rc1 f4 
54.a4 f3 55.Rf1 Rf4 56.Bc4 f2 0-1

[Event "4th Las Palmas it"]
[Site "Las Palmas ESP"]
[Date "1975.04.14"]
[Round "7"]
[White "Mecking, Henrique"]
[Black "Hort, Vlastimil"]
[Result "1-0"]
[WhiteElo "2610"]
[BlackElo "2600"]
[EventDate "1975.04.06"]
[PlyCount "77"]

1.e4 c6 2.d4 d5 3.Nc3 dxe4 4.Nxe4 Nd7 5.Bc4 Ngf6 6.Ng5 e6 7.Qe2 Nb6 8.Bd3 
h6 9.N5f3 c5 10.dxc5 Bxc5 11.Ne5 Nbd7 12.Ngf3 Nxe5 13.Nxe5 O-O 14.O-O b6 
15.Bf4 Bb7 16.Rad1 Qe7 17.c3 Rfd8 18.Rd2 Bd6 19.Rfd1 Rac8 20.Ba6 Bxa6 21.
Qxa6 Ne4 22.Rd4 Qf6 23.Nd3 Bxf4 24.Nxf4 e5 25.Rxd8+ Rxd8 26.Rxd8+ Qxd8 27.
Nd3 Qd5 28.Ne1 Kh7 29.Qe2 Nd6 30.b3 f5 31.c4 Qd4 32.h3 e4 33.Nc2 Qb2 34.
Qd1 Nf7 35.Ne3 Qe5 36.Qd7 Nd6 37.g3 a5 38.Nd5 Kg6 39.Qc6 1-0

[Event "4th Las Palmas it"]
[Site "Las Palmas ESP"]
[Date "1975.04.14"]
[Round "7"]
[White "Olafsson, Fridrik"]
[Black "Rodriguez Vargas, Orestes"]
[Result "1-0"]
[WhiteElo "2535"]
[BlackElo "2435"]
[EventDate "1975.04.06"]
[PlyCount "83"]

1.d4 Nf6 2.c4 e6 3.Nf3 c5 4.d5 exd5 5.cxd5 g6 6.Nc3 d6 7.Nd2 Nbd7 8.e4 Bg7
9.Be2 O-O 10.O-O a6 11.a4 Re8 12.h3 Rb8 13.Qc2 Qc7 14.a5 b5 15.axb6 Nxb6 
16.Nb3 Nfd7 17.Na5 Ra8 18.Ra3 Nf8 19.Bd3 Nfd7 20.Rd1 Ne5 21.Be2 f5 22.f4 
Nf7 23.Bf3 fxe4 24.Nxe4 Qe7 25.Rb3 Qc7 26.Re3 Bd7 27.Ra3 Rac8 28.Be3 Bf5 
29.Nc6 a5 30.Rxa5 Nxd5 31.Rxd5 Bxe4 32.Bxe4 Qxc6 33.Rdxc5 Qxe4 34.Qxe4 
dxc5 35.Qb7 Rb8 36.Qa7 Nd6 37.Bxc5 Nf5 38.b4 Rxb4 39.Qd7 Rbb8 40.Ra7 h5 
41.Qf7+ Kh7 42.Ra6 1-0

[Event "4th Las Palmas it"]
[Site "Las Palmas ESP"]
[Date "1975.04.14"]
[Round "7"]
[White "Tal, Mikhail"]
[Black "Debarnot, Roberto Luis"]
[Result "1-0"]
[WhiteElo "2645"]
[BlackElo "2380"]
[EventDate "1975.04.06"]
[PlyCount "71"]

1.e4 e6 2.d4 d5 3.Nd2 c5 4.Ngf3 Nc6 5.Bb5 a6 6.exd5 axb5 7.dxc6 bxc6 8.
dxc5 Bxc5 9.Qe2 Nf6 10.Nb3 Bb4+ 11.c3 Bd6 12.Nbd4 Qc7 13.Nf5 Bf4 14.Bxf4 
Qxf4 15.N5d4 Bd7 16.Ne5 Ra6 17.Rd1 O-O 18.g3 Qh6 19.O-O Be8 20.a3 Qh5 21.
Qxh5 Nxh5 22.Nb3 f6 23.Nd7 Bxd7 24.Rxd7 Re8 25.Rc7 e5 26.Rd1 Raa8 27.Rxc6 
Rad8 28.Rcd6 Rxd6 29.Rxd6 Rb8 30.Kf1 Kf7 31.Rd7+ Kg6 32.Ke2 f5 33.Rd5 Kf6 
34.Nc5 Rc8 35.Nd3 e4 36.Nb4 1-0

[Event "4th Las Palmas it"]
[Site "Las Palmas ESP"]
[Date "1975.04.14"]
[Round "7"]
[White "Visier Segovia, Fernando"]
[Black "Ljubojevic, Ljubomir"]
[Result "0-1"]
[WhiteElo "2375"]
[BlackElo "2615"]
[EventDate "1975.04.06"]
[PlyCount "54"]

1.d4 Nf6 2.c4 e6 3.Nc3 c5 4.d5 exd5 5.cxd5 g6 6.Nf3 Bg7 7.Bf4 Qa5 8.Bd2 
O-O 9.e4 Re8 10.Be2 d6 11.O-O Bg4 12.Qc2 Nbd7 13.h3 Bxf3 14.Bxf3 c4 15.a4 
Nc5 16.e5 Rxe5 17.Ne4 Qb6 18.Nxf6+ Bxf6 19.Qxc4 Nb3 20.Bc3 Nxa1 21.Bxe5 
Bxe5 22.Rxa1 Qxb2 23.Rd1 Re8 24.g3 Kg7 25.Rd3 Bxg3 26.Qc3+ Qxc3 27.Rxc3 
Bh4 0-1

[Event "4th Las Palmas it"]
[Site "Las Palmas ESP"]
[Date "1975.04.15"]
[Round "8"]
[White "Ljubojevic, Ljubomir"]
[Black "Tal, Mikhail"]
[Result "1/2-1/2"]
[WhiteElo "2615"]
[BlackElo "2645"]
[EventDate "1975.04.06"]
[PlyCount "65"]

1.e4 c5 2.Nf3 e6 3.d4 cxd4 4.Nxd4 Nf6 5.Nc3 d6 6.g4 a6 7.g5 Nfd7 8.h4 b5 
9.h5 b4 10.Nce2 Bb7 11.Bg2 Nc5 12.Ng3 Nbd7 13.f4 Be7 14.Qg4 h6 15.g6 O-O 
16.gxf7+ Rxf7 17.Be3 Qc7 18.O-O Bf6 19.Nxe6 Nxe6 20.Qxe6 Bxb2 21.Rad1 Nf6 
22.Qxd6 Ng4 23.Bb6 Qxc2 24.Qe6 Nf6 25.Nf5 Re8 26.Rd8 Rxd8 27.Bxd8 Bxe4 28.
Bxe4 Nxe4 29.Bb6 Qd3 30.Re1 Nd6 31.Nxd6 Qg3+ 32.Kh1 Qf3+ 33.Kg1 1/2-1/2

[Event "4th Las Palmas it"]
[Site "Las Palmas ESP"]
[Date "1975.04.15"]
[Round "8"]
[White "Petrosian, Tigran"]
[Black "Mecking, Henrique"]
[Result "1/2-1/2"]
[WhiteElo "2645"]
[BlackElo "2610"]
[EventDate "1975.04.06"]
[PlyCount "35"]

1.Nf3 Nf6 2.c4 c6 3.b3 d5 4.Bb2 Bg4 5.e3 Nbd7 6.Be2 e6 7.O-O Bd6 8.cxd5 
cxd5 9.Nd4 Bxe2 10.Qxe2 O-O 11.f4 Rc8 12.Nc3 a6 13.Rfc1 Qe7 14.a3 Rfe8 15.
b4 Bb8 16.Nf3 e5 17.fxe5 Nxe5 18.Na4 1/2-1/2

[Event "4th Las Palmas it"]
[Site "Las Palmas ESP"]
[Date "1975.04.15"]
[Round "8"]
[White "Pomar Salamanca, Arturo"]
[Black "Fernandez Fernandez, Angel"]
[Result "1/2-1/2"]
[WhiteElo "2450"]
[BlackElo "2300"]
[EventDate "1975.04.06"]
[PlyCount "90"]

1.d4 e6 2.c4 Nf6 3.Nc3 Bb4 4.e3 b6 5.Nf3 Ne4 6.Qc2 Bb7 7.Bd3 f5 8.O-O Bxc3
9.bxc3 O-O 10.a4 d6 11.a5 Nd7 12.a6 Bc6 13.d5 exd5 14.Nd4 Ne5 15.Nxc6 Nxc6
16.cxd5 Ne5 17.Bxe4 fxe4 18.Qxe4 Qf6 19.f4 Rae8 20.Qd4 Ng4 21.Qd3 Qf5 22.
Qxf5 Rxf5 23.h3 Nf6 24.c4 h5 25.Bd2 Re4 26.Rfc1 Nd7 27.Kf2 Ne5 28.Ra2 Rxc4
29.Rxc4 Nxc4 30.e4 Rf7 31.Kf3 c6 32.dxc6 Rc7 33.Bc3 Rxc6 34.Bd4 Na5 35.Rb2
Kf7 36.Rb5 g6 37.g4 hxg4+ 38.hxg4 Rc4 39.Bxb6 axb6 40.Rxb6 Ra4 41.a7 Nc4 
42.Rb4 Ra3+ 43.Ke2 Ne5 44.Rb7+ Ke6 45.fxe5 Kxe5 1/2-1/2

[Event "4th Las Palmas it"]
[Site "Las Palmas ESP"]
[Date "1975.04.15"]
[Round "8"]
[White "Rodriguez Vargas, Orestes"]
[Black "Visier Segovia, Fernando"]
[Result "1-0"]
[WhiteElo "2435"]
[BlackElo "2375"]
[EventDate "1975.04.06"]
[PlyCount "61"]

1.d4 Nf6 2.c4 e6 3.Nf3 c5 4.e3 cxd4 5.exd4 b6 6.Bd3 Bb7 7.O-O Be7 8.Nc3 d5
9.cxd5 Nxd5 10.Qe2 O-O 11.Bd2 Nc6 12.Rad1 Rc8 13.Bb1 Ncb4 14.Ne5 Nxc3 15.
bxc3 Nd5 16.c4 Nf6 17.Bf4 Ba6 18.Bd3 Nd7 19.Nc6 Qe8 20.Nxa7 Ra8 21.Nc6 Bb7
22.Nxe7+ Qxe7 23.Rb1 Qf6 24.Qe3 h6 25.c5 Rxa2 26.Rfc1 Rc8 27.Bb5 e5 28.
Bxd7 exf4 29.Qe5 Qg6 30.c6 Rc2 31.d5 1-0

[Event "4th Las Palmas it"]
[Site "Las Palmas ESP"]
[Date "1975.04.15"]
[Round "8"]
[White "Tatai, Stefano"]
[Black "Bellon Lopez, Juan Manuel"]
[Result "1-0"]
[WhiteElo "2455"]
[BlackElo "2415"]
[EventDate "1975.04.06"]
[PlyCount "70"]

1.e4 c5 2.Nf3 a6 3.c3 b5 4.d4 e6 5.Bd3 Bb7 6.O-O d5 7.e5 Nc6 8.Nbd2 Qc7 9.
dxc5 Bxc5 10.Nb3 Bf8 11.Qe2 g6 12.Be3 Nge7 13.Bd4 Bh6 14.h4 O-O 15.Nh2 Bg7
16.Rfe1 Nf5 17.h5 Rae8 18.Nf3 Nfxd4 19.cxd4 f5 20.hxg6 hxg6 21.Qd2 Qe7 22.
a4 bxa4 23.Rxa4 Rb8 24.Nc5 a5 25.Bb5 f4 26.Qc2 Na7 27.Qxg6 Qf7 28.Qxf7+ 
Rxf7 29.Rxa5 Bc6 30.Bd3 Re7 31.Ra6 Bb5 32.Bxb5 Rxb5 33.Rea1 Nc8 34.Ra8 Re8
35.Nxe6 Rxb2 1-0

[Event "4th Las Palmas it"]
[Site "Las Palmas ESP"]
[Date "1975.04.16"]
[Round "9"]
[White "Olafsson, Fridrik"]
[Black "Andersson, Ulf"]
[Result "1/2-1/2"]
[WhiteElo "2535"]
[BlackElo "2565"]
[EventDate "1975.04.06"]
[PlyCount "83"]

1.d4 Nf6 2.c4 e6 3.Nf3 b6 4.a3 c5 5.d5 exd5 6.cxd5 g6 7.Nc3 Bg7 8.e4 O-O 
9.Bg5 d6 10.Nd2 Re8 11.Be2 a6 12.a4 Nbd7 13.O-O Qc7 14.Kh1 h6 15.Bh4 g5 
16.Bg3 Ne5 17.f4 gxf4 18.Bxf4 Nfd7 19.Bg3 Rb8 20.Rc1 Nf8 21.Rf2 Nfg6 22.
Nf1 b5 23.axb5 axb5 24.Bxb5 Rxb5 25.Nxb5 Qb6 26.Na3 Ba6 27.Rd2 Qb4 28.Qc2 
h5 29.Rdd1 Ng4 30.h3 Nf6 31.Be1 Qxe4 32.Qxe4 Nxe4 33.Nc4 Bxb2 34.Nxb2 Bxf1
35.Rc2 Bb5 36.Ra1 Nf6 37.Bg3 Rd8 38.Nc4 Bxc4 39.Rxc4 Nxd5 40.Ra6 Ne3 41.
Rc1 Nf5 42.Bh2 1/2-1/2

[Event "4th Las Palmas it"]
[Site "Las Palmas ESP"]
[Date "1975.04.16"]
[Round "9"]
[White "Tal, Mikhail"]
[Black "Rodriguez Vargas, Orestes"]
[Result "1-0"]
[WhiteElo "2645"]
[BlackElo "2435"]
[EventDate "1975.04.06"]
[PlyCount "47"]

1.e4 c6 2.d4 d5 3.Nc3 dxe4 4.Nxe4 Bf5 5.Ng3 Bg6 6.h4 h6 7.Nf3 Nd7 8.h5 Bh7
9.Bd3 Bxd3 10.Qxd3 Ngf6 11.Bf4 Nd5 12.Bd2 e6 13.c4 Nb4 14.Qb3 a5 15.a3 a4 
16.Qd1 Na6 17.Qxa4 Bd6 18.Ne4 Bc7 19.Qc2 f5 20.Nc3 Nf6 21.Ne2 O-O 22.Bf4 
Ba5+ 23.Kf1 Qe8 24.Bd6 1-0

[Event "4th Las Palmas it"]
[Site "Las Palmas ESP"]
[Date "1975.04.16"]
[Round "9"]
[White "Bellon Lopez, Juan Manuel"]
[Black "Pomar Salamanca, Arturo"]
[Result "1-0"]
[WhiteElo "2415"]
[BlackElo "2450"]
[EventDate "1975.04.06"]
[PlyCount "43"]

1.e4 Nf6 2.Nc3 e5 3.Nf3 Nc6 4.d4 exd4 5.Nd5 Be7 6.Bf4 d6 7.Nxd4 O-O 8.Nb5 
Nxd5 9.exd5 Bg5 10.Bxg5 Qxg5 11.Qd2 Re8+ 12.Kd1 Bg4+ 13.f3 Re3 14.dxc6 
Rae8 15.cxb7 Rxf3 16.Be2 Qxd2+ 17.Kxd2 Rf2 18.Rae1 Rfxe2+ 19.Rxe2 Rxe2+ 
20.Kc3 Re8 21.Re1 Rb8 22.Re7 1-0

[Event "4th Las Palmas it"]
[Site "Las Palmas ESP"]
[Date "1975.04.16"]
[Round "9"]
[White "Fernandez Fernandez, Angel"]
[Black "Debarnot, Roberto Luis"]
[Result "0-1"]
[WhiteElo "2300"]
[BlackElo "2380"]
[EventDate "1975.04.06"]
[PlyCount "58"]

1.e4 e6 2.d4 d5 3.Nd2 c5 4.exd5 exd5 5.dxc5 Bxc5 6.Bb5+ Nc6 7.Qe2+ Ne7 8.
Nb3 Bd6 9.Bg5 O-O 10.O-O-O Qc7 11.Bxe7 Bxe7 12.Nf3 a6 13.Bd3 Bg4 14.Kb1 
Bf6 15.h3 Rfe8 16.Bxh7+ Kf8 17.Qd2 Bxf3 18.gxf3 Qe5 19.c3 g6 20.Qh6+ Bg7 
21.Qh4 Qf5+ 22.Ka1 Re2 23.Nc1 Rc2 24.Nd3 Qxf3 25.Rhe1 Re8 26.Qa4 Rxe1 27.
Rxe1 Rxc3 28.Qf4 Qxf4 29.Nxf4 Rf3 0-1

[Event "4th Las Palmas it"]
[Site "Las Palmas ESP"]
[Date "1975.04.16"]
[Round "9"]
[White "Hort, Vlastimil"]
[Black "Petrosian, Tigran"]
[Result "1/2-1/2"]
[WhiteElo "2600"]
[BlackElo "2645"]
[EventDate "1975.04.06"]
[PlyCount "46"]

1.e4 c5 2.Nf3 e6 3.d4 cxd4 4.Nxd4 Nf6 5.Nc3 d6 6.g4 a6 7.g5 Nfd7 8.Be3 b5 
9.a3 Bb7 10.h4 Nc6 11.Nxc6 Bxc6 12.Qd4 Qb8 13.Bg2 Ne5 14.a4 b4 15.Ne2 a5 
16.Ng3 Nd7 17.b3 Qc7 18.Rd1 Bb7 19.Rd2 Ba6 20.Qa1 Rc8 21.Bf1 Qb7 22.Bxa6 
Qxa6 23.Ne2 e5 1/2-1/2

[Event "4th Las Palmas it"]
[Site "Las Palmas ESP"]
[Date "1975.04.16"]
[Round "9"]
[White "Mecking, Henrique"]
[Black "Tatai, Stefano"]
[Result "1-0"]
[WhiteElo "2610"]
[BlackElo "2455"]
[EventDate "1975.04.06"]
[PlyCount "103"]

1.e4 e6 2.d4 d5 3.Nd2 Nf6 4.e5 Nfd7 5.f4 c5 6.c3 Nc6 7.Ndf3 Qa5 8.dxc5 
Qxc5 9.Ne2 Qb6 10.Ned4 Nc5 11.Rb1 a6 12.Be3 Qc7 13.Be2 Be7 14.O-O O-O 15.
Rc1 b5 16.Nb3 Na4 17.Qc2 f5 18.exf6 gxf6 19.Nbd4 Nd8 20.Nh4 Rf7 21.Kh1 Nc5
22.Bh5 Rg7 23.f5 e5 24.Bh6 Bf8 25.Bxg7 Qxg7 26.Bf3 Qf7 27.b4 Na4 28.Ne6 
Bb7 29.Nxf8 Qxf8 30.Qd2 Nb6 31.Be2 Nf7 32.Qe3 Nd7 33.Nf3 Kh8 34.Ra1 Bc6 
35.a4 bxa4 36.Bd1 Bb5 37.Re1 d4 38.cxd4 Qxb4 39.Qa3 Qxa3 40.Rxa3 Nb6 41.
dxe5 fxe5 42.g4 Rd8 43.Bc2 Nc4 44.Rc3 Rg8 45.h3 h5 46.Rg1 Ncd6 47.Kh2 e4 
48.Nd4 hxg4 49.hxg4 Ng5 50.Kg3 Re8 51.Kf4 Ndf7 52.Ra1 1-0

[Event "4th Las Palmas it"]
[Site "Las Palmas ESP"]
[Date "1975.04.18"]
[Round "10"]
[White "Andersson, Ulf"]
[Black "Petrosian, Tigran"]
[Result "1/2-1/2"]
[WhiteElo "2565"]
[BlackElo "2645"]
[EventDate "1975.04.06"]
[PlyCount "30"]

1.c4 Nf6 2.Nf3 e6 3.g3 d5 4.Bg2 Be7 5.O-O O-O 6.b3 b6 7.Bb2 Bb7 8.d3 c5 9.
e3 Nc6 10.Qe2 Qc7 11.Nc3 dxc4 12.dxc4 Rad8 13.Rfd1 Qb8 14.Rxd8 Rxd8 15.Rd1
Qa8 1/2-1/2

[Event "4th Las Palmas it"]
[Site "Las Palmas ESP"]
[Date "1975.04.18"]
[Round "10"]
[White "Debarnot, Roberto Luis"]
[Black "Bellon Lopez, Juan Manuel"]
[Result "1/2-1/2"]
[WhiteElo "2380"]
[BlackElo "2415"]
[EventDate "1975.04.06"]
[PlyCount "110"]

1.Nf3 d5 2.c4 d4 3.e3 Nc6 4.exd4 Nxd4 5.Nxd4 Qxd4 6.d3 e5 7.Nc3 Bc5 8.Be3 
Qd6 9.Qd2 Nf6 10.Be2 O-O 11.O-O-O Rd8 12.Nb5 Qe7 13.Bxc5 Qxc5 14.Qe3 Qxe3+
15.fxe3 c6 16.Nc3 Bg4 17.h3 Bxe2 18.Nxe2 Rd6 19.Kc2 g6 20.Nc3 Rad8 21.b4 
Ne8 22.Ne4 Re6 23.g4 Nd6 24.Nxd6 Rexd6 25.Rhf1 Kg7 26.Kc3 f6 27.Rf2 h5 28.
gxh5 Rh8 29.hxg6 Rxh3 30.e4 Rd4 31.Kc2 b5 32.cxb5 cxb5 33.a3 Kxg6 34.Rg1+ 
Kf7 35.Rgf1 Rd6 36.Rf3 Rh8 37.R1f2 Rh6 38.Kb3 Rh1 39.d4 Rh5 40.d5 Rh4 41.
Re3 a6 42.Rf1 Ke7 43.Rg1 Rd7 44.Rc1 Rf4 45.a4 f5 46.Rc6 Rd6 47.axb5 axb5 
48.Rc7+ Rd7 49.Rc6 Rd6 50.exf5 Rxd5 51.Re6+ Kd7 52.R6xe5 Rxf5 53.Re7+ Kc6 
54.Rc3+ Kd6 55.Rec7 Rf3 1/2-1/2

[Event "4th Las Palmas it"]
[Site "Las Palmas ESP"]
[Date "1975.04.18"]
[Round "10"]
[White "Ljubojevic, Ljubomir"]
[Black "Fernandez Fernandez, Angel"]
[Result "1-0"]
[WhiteElo "2615"]
[BlackElo "2300"]
[EventDate "1975.04.06"]
[PlyCount "91"]

1.e4 e6 2.d4 d5 3.Nc3 Nc6 4.Nf3 Nf6 5.Bg5 h6 6.Bxf6 gxf6 7.exd5 exd5 8.Bb5
Qd6 9.O-O Rg8 10.Re1+ Be6 11.Ne2 O-O-O 12.c3 Ne7 13.Bd3 Ng6 14.Qc2 Nf4 15.
Nxf4 Qxf4 16.Re3 h5 17.Ne1 Bd6 18.g3 h4 19.Ng2 Qg5 20.Rf1 Rg7 21.Kh1 Bh3 
22.Nxh4 Bxf1 23.Bxf1 Rh8 24.Nf5 Rgh7 25.h4 Qg4 26.Bg2 Rh5 27.Nxd6+ cxd6 
28.Kg1 Qd7 29.Bf3 R5h6 30.Bxd5 f5 31.Rf3 Rh5 32.Rf4 Re8 33.Bf3 Rh6 34.Qxf5
Qxf5 35.Rxf5 f6 36.Kf1 Kd7 37.Bxb7 Rb8 38.Rb5 Rhh8 39.a4 Kc7 40.Be4 Rxb5 
41.axb5 Kb6 42.Bd3 d5 43.Ke2 Ka5 44.b3 Rc8 45.Kd2 Re8 46.h5 1-0

[Event "4th Las Palmas it"]
[Site "Las Palmas ESP"]
[Date "1975.04.18"]
[Round "10"]
[White "Olafsson, Fridrik"]
[Black "Visier Segovia, Fernando"]
[Result "1/2-1/2"]
[WhiteElo "2535"]
[BlackElo "2375"]
[EventDate "1975.04.06"]
[PlyCount "82"]

1.c4 Nf6 2.Nf3 g6 3.Nc3 Bg7 4.e4 d6 5.d4 O-O 6.h3 e5 7.d5 Nbd7 8.Bd3 Nh5 
9.g3 Nc5 10.Bc2 a5 11.Be3 b6 12.Qe2 f5 13.exf5 Bxf5 14.O-O-O Bxc2 15.Kxc2 
Qf6 16.Ng5 Bh6 17.h4 Qf5+ 18.Kc1 Nf6 19.f3 e4 20.f4 Rae8 21.Nb5 Re7 22.Kb1
Qg4 23.Rh2 Qxe2 24.Rxe2 Bxg5 25.hxg5 Ng4 26.Nd4 h6 27.gxh6 Rh7 28.Nb5 Na6 
29.Rde1 Rxh6 30.Bd4 Re8 31.a3 Rh3 32.Rxe4 Rxe4 33.Rxe4 Kf7 34.Na7 Rxg3 35.
Nc6 Nh6 36.Nd8+ Kf8 37.Ne6+ Kf7 38.Ng5+ Kf8 39.Re6 Nf5 40.Rxg6 Rxg5 41.
Rf6+ Kg8 1/2-1/2

[Event "4th Las Palmas it"]
[Site "Las Palmas ESP"]
[Date "1975.04.18"]
[Round "10"]
[White "Pomar Salamanca, Arturo"]
[Black "Mecking, Henrique"]
[Result "1/2-1/2"]
[WhiteElo "2450"]
[BlackElo "2610"]
[EventDate "1975.04.06"]
[PlyCount "47"]

1.d4 g6 2.Nf3 Bg7 3.c4 d6 4.Nc3 Nd7 5.e4 e5 6.Be2 Ngf6 7.O-O O-O 8.Re1 c6 
9.Bf1 exd4 10.Nxd4 Ng4 11.Qxg4 Bxd4 12.Qg3 Nf6 13.Bg5 h6 14.Be3 Be5 15.Qh4
Ng4 16.Qxd8 Rxd8 17.Bd2 Nxh2 18.Be2 Ng4 19.f3 Bd4+ 20.Kh1 Ne5 21.Bxh6 Be6 
22.Rad1 Bxc3 23.bxc3 Bxc4 24.Bg5 1/2-1/2

[Event "4th Las Palmas it"]
[Site "Las Palmas ESP"]
[Date "1975.04.18"]
[Round "10"]
[White "Rodriguez Vargas, Orestes"]
[Black "Cardoso, Rodolfo Tan"]
[Result "1-0"]
[WhiteElo "2435"]
[BlackElo "2410"]
[EventDate "1975.04.06"]
[PlyCount "115"]

1.d4 Nf6 2.c4 e6 3.Nc3 Bb4 4.e3 O-O 5.Nf3 d5 6.Bd3 c5 7.O-O cxd4 8.exd4 
dxc4 9.Bxc4 b6 10.Qd3 Bb7 11.Bg5 Be7 12.Rfe1 Nbd7 13.Rad1 Rc8 14.Bb3 Qc7 
15.Nb5 Qb8 16.Ne5 Bb4 17.Nxd7 Nxd7 18.Re3 Rfe8 19.Nc3 Bxc3 20.bxc3 Qa8 21.
Bc2 Nf8 22.Rg3 f5 23.Qe2 Bd5 24.h4 Bc4 25.Qe3 Rc7 26.h5 Rf7 27.a3 Qd5 28.
Re1 Rc8 29.Bf4 Nd7 30.Rg5 Nf6 31.Qh3 Bb3 32.Bb1 Qa5 33.Be5 Rxc3 34.f3 Ng4 
35.Qh4 Nxe5 36.Rxe5 Qxa3 37.Bxf5 Rc1+ 38.Kh2 Qe7 39.Bg6 Rf6 40.Be4 h6 41.
Rg6 Rd1 42.Bc6 Kf8 43.Qe4 Qd8 44.Rg4 Kg8 45.Qe3 Bc4 46.Qc3 Ba6 47.d5 Qc7 
48.f4 Rd3 49.Qe1 Bc8 50.Qe4 Rd2 51.dxe6 Qe7 52.f5 Rd8 53.Rf4 Ba6 54.Qb4 
Kf8 55.Qxe7+ Kxe7 56.Rg4 Rg8 57.Rd4 Bc8 58.Rd7+ 1-0

[Event "4th Las Palmas it"]
[Site "Las Palmas ESP"]
[Date "1975.04.19"]
[Round "11"]
[White "Fernandez Fernandez, Angel"]
[Black "Rodriguez Vargas, Orestes"]
[Result "1-0"]
[WhiteElo "2300"]
[BlackElo "2435"]
[EventDate "1975.04.06"]
[PlyCount "43"]

1.e4 c5 2.Nf3 d6 3.d4 cxd4 4.Nxd4 Nf6 5.Nc3 Nc6 6.Bg5 e6 7.Be2 Be7 8.Qd2 
a6 9.O-O O-O 10.Rad1 Bd7 11.Nf3 Qa5 12.b4 Qxb4 13.Rb1 Qa5 14.Rxb7 Bc8 15.
Rxe7 Rd8 16.e5 dxe5 17.Bxf6 gxf6 18.Qh6 Nxe7 19.Ne4 Nd5 20.Rd1 Rb8 21.Rxd5
Rb1+ 22.Bf1 1-0